000 00526nam a22001937a 4500
999 _c8849
_d8849
003 AR-CdUCM
008 190326b ||||| |||| 00| 0 spa d
020 _a0-375-71929-6
040 _aMUNICIPALIDAD PROVINCIAL DEL CUSCO
_cBIBLIOTECA MUNICIPAL DEL CUSCO
082 _a810 /
_bD73
100 _aDick, Philip K.
_924641
245 _aDr. Bloodmoney /
260 _aNew york :
_bVintage books,
_c2002.
300 _a298 páginas ;
_c20 cm.
505 _aNovela.
650 _aNovela
_95
942 _2ddc
_cLIBROS
945 _aacv